Southville International School and Colleges
Your cart is empty.
  • Cart
  • Lists
    Public lists Eva Luna New books Lux_list list_1
    Your lists Log in to create your own lists
  • Log in to your account
  • Your cookies
  • Search history
Southville International School and Colleges
  • Advanced search
  • Recent comments
  • Most popular
  • Libraries

Log in to your account

Log in with GOOGLE


If you do not have an external account, but do have a local account, you can still log in:

  1. Home
  2. MARC view: The school leader's guide to special education /
Normal view MARC view ISBD view

The school leader's guide to special education / (Record no. 25919)

[ view plain ]
MARC details
000 -LEADER
fixed length control field 00822nam a22002297a 4500
005 - DATE AND TIME OF LATEST TRANSACTION
control field 20141202163208.0
008 - FIXED-LENGTH DATA ELEMENTS--GENERAL INFORMATION
fixed length control field 140107b xxu||||| |||| 00| 0 eng d
020 ## - INTERNATIONAL STANDARD BOOK NUMBER
International Standard Book Number 9781935542810
050 ## - LIBRARY OF CONGRESS CALL NUMBER
Classification number LC 4019.15
Item number .M176 2012
100 ## - MAIN ENTRY--PERSONAL NAME
Personal name McLaughlin, Margaret J.
245 ## - TITLE STATEMENT
Title The school leader's guide to special education /
Statement of responsibility, etc Margaret J. McLaughlin, Kristin Ruedel.
250 ## - EDITION STATEMENT
Edition statement 3rd ed.
260 ## - PUBLICATION, DISTRIBUTION, ETC. (IMPRINT)
Place of publication, distribution, etc Bloomington, IN :
Name of publisher, distributor, etc Solution Tree ; NAESP,
Date of publication, distribution, etc 2012.
300 ## - PHYSICAL DESCRIPTION
Extent ix, 95 p. ;
Dimensions 28 cm.
504 ## - BIBLIOGRAPHY, ETC. NOTE
Bibliography, etc Includes Bibliographic References and Index.
650 ## - SUBJECT ADDED ENTRY--TOPICAL TERM
Topical term or geographic name as entry element Special education
General subdivision Administration.
Geographic subdivision United States
650 ## - SUBJECT ADDED ENTRY--TOPICAL TERM
Topical term or geographic name as entry element Children with disabilities
General subdivision Education
Geographic subdivision United States.
650 ## - SUBJECT ADDED ENTRY--TOPICAL TERM
Topical term or geographic name as entry element School principals
Geographic subdivision United States.
700 ## - ADDED ENTRY--PERSONAL NAME
Personal name Ruedel, Kristin
Relator term author.
942 ## - ADDED ENTRY ELEMENTS (KOHA)
Source of classification or shelving scheme Library of Congress Classification
Koha item type Books
Call number prefix Foreign
Holdings
Withdrawn status Lost status Source of classification or shelving scheme Damaged status Home library Current library Shelving location Date acquired Total Checkouts Full call number Barcode Date last seen Copy number Price effective from Koha item type
    Library of Congress Classification   College Library College Library Reserve Section 01/07/2014   LC 4019.15 .M176 2012 C17391 05/15/2018 1 01/07/2014 Books

The school leader's guide to special education /

APA

McLaughlin M. J., Ruedel K., . (2012). The school leader's guide to special education. Bloomington, IN: Solution Tree ; NAESP.

Chicago

McLaughlin Margaret J, Ruedel Kristin, . 2012. The school leader's guide to special education. Bloomington, IN: Solution Tree ; NAESP.

Harvard

McLaughlin M. J., Ruedel K., . (2012). The school leader's guide to special education. Bloomington, IN: Solution Tree ; NAESP.

MLA

McLaughlin Margaret J, Ruedel Kristin, . The school leader's guide to special education. Bloomington, IN: Solution Tree ; NAESP. 2012.

  • Place hold
  • Print
  • Cite
  • Add to your cart (remove)
  • Save record
    BIBTEX Dublin Core MARCXML MARC (non-Unicode/MARC-8) MARC (Unicode/UTF-8) MARC (Unicode/UTF-8, Standard) MODS (XML) RIS
  • More searches
    Search for this title in:
    Other Libraries (WorldCat) Other Databases (Google Scholar) Online Stores (Bookfinder.com) Open Library (openlibrary.org)

Exporting to Dublin Core...

SOUTHVILLE LIBRARY

Southville International School and Colleges Library

1281 Tropical Ave. Cor. Luxembourg St., BF Homes International, Las Pinas City

Tel. No. 8256374 / 252358 Loc. 117/146

Powered by Koha